000 00494pab a2200169 454500
008 180718b2015 xxu||||| |||| 00| 0 eng d
100 _aPalacios-Lopez, Amparo
245 _aThe gender gap in agricultural productivity: the role of market imperfections
260 _c2015
300 _ap.1175-1192.
362 _aSep
650 _aWomen in agriculture
650 _aAgricultural production
700 _aLopez, Ramon
773 _aJournal of Development Studies
909 _a109518
999 _c109513
_d109513